• 首页
  • 本馆介绍
  • 公告通知
  • 最新文献
  • 馆藏检索
  • 电子资源
  • 读者导购
  • 参考咨询
  • 我的图书馆
  • 登录
  • 详细信息显示
  • 放入我的书架
  • 预约/预借图书
  • 作者相关作品
  • 分类相关作品
  • 丛书相关作品
  • 出版社相关作品

书目信息

  • 表格格式
  • 工作单格式
  • 卡片格式
题名:
超级机密
    
 
作者: 蒙塔古 著 ;王敬之 , 朱琴 译
分册:  
出版信息: 北京   群众出版社  1980
页数: 169页
开本: 19cm
丛书名:
单 册:
中图分类: D756.1
科图分类:
主题词: 情报机构--英国--活动 , 政治
电子资源:
ISBN:
000 00773nam0 2200277 45
001 0180008018
005 20060912111911.48
010    @dCNY0.64
091    @a3067.97
100    @a19950612d1980 em y0chiy0121 ea
101 1  @achi@ceng
102    @aCN@b110000
105    @ay z 000yy
200 10 @a超级机密@Achao ji ji mi@f(英)E·蒙塔古著@F(ying)E·meng ta gu zhu@g王敬之, 朱琴译
210    @a北京@c群众出版社@d1980
215    @a169页@d19cm
510 1  @aBeyond top secret ultra@zeng
606    @a情报机构@y英国@x活动
606 0  @a政治
690    @aD756.1@v4
701  0 @a蒙塔古@Ameng ta gu@4著
702  0 @a王敬之@Awang jing zhi@4译
702  0 @a朱琴@Azhu qin@4译
801  2 @aCN@bNLC@c20060912
801  0 @aCN@b上海图书馆@c20060817
905    @dD756.1@e13
    
    超级机密/(英)E·蒙塔古著/王敬之, 朱琴译.-北京:群众出版社,1980
    169页;19cm
    
    
    ISBN :CNY0.64
    
●
相关链接 在E读中查询图书 在五车中查询图书 在当当中查询图书 在豆瓣中查询图书


正题名:超级机密     索取号:D756.1/13         预约/预借

序号 登录号 条形码 馆藏地/架位号 状态 备注
1 0036588   202368115   密集书库/ [索取号:D756.1/13] 在馆    
2 0036589   202368366   密集书库/ [索取号:D756.1/13] 在馆    
3 0036590   000364894   第一样本阅览室/ [索取号:D756.1/13] 在馆    
4 0036591   001763586   密集书库/ [索取号:D756.1/13] 在馆    
5 0036592   001763577   密集书库/ [索取号:D756.1/13] 在馆    
6 0441066   204410663   密集书库/ [索取号:D756.1/13] 在馆    
7 0446658   204466586   密集书库/ [索取号:D756.1/13] 在馆    
8 0465472   204654720   密集书库/ [索取号:D756.1/13] 在馆    
9 0473985   204739854   密集书库/ [索取号:D756.1/13] 在馆    
唐山师范学院图书馆 欢迎您!
大连网信软件有限公司© 版权所有